| 000 | 00792nam a2200205 a 4500 | ||
|---|---|---|---|
| 001 | 000041324 | ||
| 005 | 20230519124859.0 | ||
| 008 | 130930s2000 sp 000 0 spa d | ||
| 020 | _a8400078632 | ||
| 040 |
_aDO-SdBNP _aspa _cBNPHU |
||
| 100 | 1 |
_aBerenguer Sánchez, José Antonio _967955 |
|
| 245 | 1 | 0 |
_aEstudio sobre las partículas indoeuropeas con base consonántica y laringal / _cJosé Antonio Berenguer Sánchez. |
| 260 |
_aMadrid : _bInstituto de Filología, _c2000. |
||
| 300 |
_a613 p. ; _c24 cm. |
||
| 490 | 1 |
_aManuales y anejos de Emérita _v52 |
|
| 504 | _aBibliografía : p. 565-613 | ||
| 504 | _aIncluye referencias bibliográficas y notas al pie de las páginas | ||
| 710 | 2 |
_aInstituto de Filología (Madrid) _965419 |
|
| 830 | 0 |
_aManuales y anejos de Emérita ; _n52 _967956 |
|
| 999 |
_c40814 _d40814 |
||